中央競馬の特別レース名(2025年1月) - Statistics

General Stats
  • This quiz has been taken 3 times
  • The average score is 9 of 62
Answer Stats
Answer % Correct
日経新春杯
100%
スポーツニッポン賞京都金杯
100%
日刊スポーツ賞中山金杯
100%
小倉牝馬ステークス
67%
シンザン記念
67%
ニューイヤーステークス
67%
プロキオンステークス
33%
アメリカンジョッキークラブカップ
33%
若駒ステークス
33%
京成杯
33%
紅梅ステークス
33%
新春ステークス
33%
ポルックスステークス
33%
フェアリーステークス
33%
すばるステークス
33%
迎春ステークス
33%
万葉ステークス
33%
門松ステークス
33%
ジュニアカップ
33%
八幡特別
0%
海の中道特別
0%
壇之浦ステークス
0%
茶臼山高原特別
0%
トリトンステークス
0%
若竹賞
0%
江戸川ステークス
0%
萌黄賞
0%
北九州モノレール開業40周年記念企救丘特別
0%
刈谷特別
0%
瀬戸ステークス
0%
東雲賞
0%
初霞賞
0%
初富士ステークス
0%
西尾特別
0%
豊川特別
0%
若潮ステークス
0%
ジャニュアリーステークス
0%
濃尾特別
0%
遠江ステークス
0%
菜の花賞
0%
アレキサンドライトステークス
0%
カーバンクルステークス
0%
鳥羽特別
0%
雅ステークス
0%
成田特別
0%
初春ステークス
0%
天白川特別
0%
初咲賞
0%
淀短距離ステークス
0%
牛若丸ジャンプステークス
0%
渥美特別
0%
恵那特別
0%
黒竹賞
0%
初凪賞
0%
中山新春ジャンプステークス
0%
初茜賞
0%
初日の出賞
0%
サンライズステークス
0%
天竜川特別
0%
寿ステークス
0%
鶴舞特別
0%
招福ステークス
0%
No matching quizzes found
Score Distribution
Percent of People with Each Score
Percentile by Number Answered
Your Score History
You have not taken this quiz